| 000 | 00623nam a2200193Ia 4500 | ||
|---|---|---|---|
| 003 | LDD | ||
| 008 | 190117s9999 xx 000 0 und d | ||
| 020 | _c₹50 | ||
| 040 | _cLDD | ||
| 041 | _ahi | ||
| 082 | _a305.4 प्र5801भा | ||
| 100 | _aप्रभावती | ||
| 245 | 0 |
_aभारतीय नारी की व्यथा कथा _cप्रभावती |
|
| 260 |
_aइटावा _bआदित्य _c1997 |
||
| 300 | _a100 | ||
| 901 | _aHBC | ||
| 904 | _aReqst by : शत्रुघ्न कुमार | ||
| 942 |
_2ddc _cH |
||
| 999 |
_c163850 _d163850 |
||